00623nam a2200229 a 4500001001300000003000900013005001700022008004100039020001000080082001300090245002000103260003700123300001900160500003500179505001300214650002100227710002200248902000800270942000700278952009300285999001500378nice12345678IN_TiNIC20260116011723.0050524s1941 luca grp 000 0 urd  ac10000a245bFAZ aNaat-O-Munqabat aLucknowbFazli Kutub Khanac1941 a16 and 40pages aincludes index and biblioraphy2 aAppendix aChristian-Poetry2 aFazli Kutub Khana bSRS cBK 00104070aHMIbHMId2007-07-05g100.00l0o245 FAZp5597r2007-07-05w2026-01-16yARB c3529d3529